00581nam a2200133Ia 4500008004100000100002300041245010300064245012500167260005300292260001800345300000800363650001500371856006100386170221s9999 xx 000 0 und d aAlexei Y. Mamychev aEconomic Security and Organizational Culture: Theoretical Approaches and Categorical Relationship  cAlexei Y. Mamychev, Elena A. Sulimova, Nataliya V. Yakovenko, Sofiya M. Savvidi, Aleksey S. Molchan, Veronika A. Dianova bInternational Review of Management and Marketing cDecember 2015 a4:3 xMarketing. uhttp://www.econjournals.com/index.php/irmm/issue/view/70